Sports Quiz

Random Sports or MLB Quiz
Score 0/297 Timer 20:00
5 Plays Today
Hint Answer % Correct
AngelsMike Trout (.312)
90%
AstrosJose Altuve (.316)
82.6%
CardinalsAlbert Pujols (.312)
82.1%
TwinsJacque Jones (.304)
77.7%
BravesChipper Jones (.364*)
77.7%
PadresAdrian Gonzalez (.304)
75.8%
RockiesCarlos Gonzalez (.303)
75.8%
Red SoxAdrian Gonzalez (.300)
75.8%
YankeesAlex Rodriguez (.302)
75.7%
CubsHenry Rodriguez (.304)
75.7%
MarinersAlex Rodriguez (.316)
75.7%
TigersMiguel Cabrera (.316)
74.4%
AngelsOrlando Cabrera (.301)
74.4%
Blue JaysMelky Cabrera (.301)
74.4%
GiantsMelky Cabrera (.346)
74.4%
IndiansAsdrubal Cabrera (.308)
74.4%
MarlinsMiguel Cabrera (.320)
74.4%
RoyalsMelky Cabrera (.305)
74.4%
YankeesDerek Jeter (.316)
74.2%
NationalsBryce Harper (.319)
74.1%
IndiansJose Ramirez (.318)
73.8%
CubsAramis Ramirez (.306)
73.8%
BrewersAramis Ramirez (.300)
73.8%
MarlinsHanley Ramirez (.300)
73.8%
PiratesKevin Newman (.308)
72.2%
BrewersRyan Braun (.305)
70.6%
TigersVictor Martinez (.335)
69%
TigersJ.D. Martinez (.307)
69%
MarinersEdgar Martinez (.306)
69%
IndiansVictor Martinez (.301)
69%
AstrosCarlos Correa (.315)
68.2%
Red SoxDavid Ortiz (.315)
68%
PhilliesChase Utley (.332)
66.4%
DiamondbacksPaul Goldschmidt (.321)
66.2%
RedsJoey Votto (.320)
66.1%
GiantsBarry Bonds (.362*)
65.6%
PiratesAndrew McCutchen (.314)
65.5%
MetsDavid Wright (.306)
64.3%
TwinsJoe Mauer (.305)
63.9%
PhilliesRyan Howard (.313)
63.8%
YankeesRobinson Cano (.314)
62.9%
MarinersRobinson Cano (.314)
62.9%
GiantsBuster Posey (.320)
62.3%
Red SoxAdrian Beltre (.321) and Victor Martinez (.302)
61.5%
RangersAdrian Beltre (.300)
61.1%
DodgersAdrian Beltre (.334)
61.1%
RoyalsCarlos Beltran (.307)
60.5%
RangersPrince Fielder (.305)
60.3%
Red SoxDustin Pedroia (.318)
60.3%
TigersPrince Fielder (.313)
60.3%
NationalsR. Zimmerman (.303)
59.9%
AstrosMarwin Gonzalez (.303)
59.6%
Blue JaysJose Bautista (.302)
59.4%
MarinersIchiro Suzuki (.315)
59.3%
YankeesBernie Williams (.333)
58.9%
BravesFreddie Freeman (.309)
58.4%
YankeesJason Giambi (.314)
58.2%
AthleticsJason Giambi (.342)
58.2%
AngelsGarret Anderson (.315)
57.7%
Red SoxMookie Betts (.309)
56.7%
CubsDerrek Lee (.306)
56.6%
AstrosCarlos Lee (.300)
56.6%
RangersJosh Hamilton (.359)
55.9%
RedsKen Griffey Jr. (.301)
55.9%
TwinsNelson Cruz (.311)
55.7%
White SoxYoan Moncada (.315)
55.5%
PadresTony Gwynn (.321)
55.4%
AthleticsJosh Donaldson (.301)
55.2%
CardinalsJose Martinez (.305)
55.1%
PhilliesBobby Abreu (.301)
54.7%
White SoxJose Abreu (.304)
54.7%
MarlinsDee Gordon (.308)
54.7%
RoyalsAlex Gordon (.303)
54.7%
PadresDerek Bell (.311)
54.4%
AstrosLance Berkman (.312)
54%
AstrosMiguel Tejada (.313)
54%
CardinalsLance Berkman (.301)
54%
OriolesMiguel Tejada (.330)
54%
AthleticsMiguel Tejada (.308)
54%
TwinsJustin Morneau (.300)
53.6%
RockiesJustin Morneau (.319*)
53.6%
Blue JaysReed Johnson (.319)
53.5%
BravesChris Johnson (.321)
53.5%
CubsSammy Sosa (.328)
53.3%
OriolesEric Davis (.327)
53.2%
MetsJose Reyes (.337*)
52.3%
DodgersCorey Seager (.308)
52.2%
RockiesNolan Arenado (.315)
51.8%
RockiesTodd Helton (.325)
51.3%
RoyalsWhit Merrifield (.302)
51.3%
RaysCarl Crawford (.307)
51%
RoyalsEric Hosmer (.318)
51%
MarinersNelson Cruz (.302)
50.4%
RedsDmitri Young (.302)
50.4%
RangersMichael Young (.338)
50.4%
CardinalsMatt Carpenter (.318)
50.3%
DodgersMatt Kemp (.324)
49.9%
DodgersJeff Kent (.302)
49.5%
GiantsJeff Kent (.313)
49.5%
Hint Answer % Correct
MetsMike Piazza (.300)
49.4%
AstrosJosh Reddick (.314)
49.4%
MarlinsCarlos Delgado (.301)
49.3%
Blue JaysCarlos Delgado (.302)
49.3%
RockiesTroy Tulowitzki (.312)
49.2%
AngelsVladimir Guerrero (.303)
48.8%
RangersDavid Murphy (.304)
48.8%
RangersVladimir Guerrero (.300)
48.8%
NationalsDaniel Murphy (.322)
48.8%
IndiansJim Thome (.304) Ellis Burks (.301)
48.3%
RaysMelvin Upton Jr. (.300)
47.7%
DiamondbacksJustin Upton (.300)
47.7%
YankeesJohnny Damon (.303)
47.4%
Blue JaysTony Fernandez (.328) Homer Bush (.320) Shawn Green (.309)
47.2%
NationalsJayson Werth (.318)
47.2%
DodgersCody Bellinger (.305)
46.8%
YankeesAlfonso Soriano (.300)
46.2%
CardinalsMatt Holliday (.300)
46%
RockiesCharlie Blackmon (.314)
45.9%
Blue JaysAdam Lind (.305)
45.8%
DodgersJustin Turner (.322)
45.6%
White SoxPaul Konerko (.300)
45.2%
CardinalsYadier Molina (.307)
45%
RoyalsLorenzo Cain (.300)
44.3%
TigersTorii Hunter (.304)
44%
AngelsTorii Hunter (.313)
44%
White SoxJermaine Dye (.315)
43.6%
NationalsAnthony Rendon (.319)
43.5%
RedsBrandon Phillips (.300)
42.9%
DiamondbacksConor Jackson (.300)
42.6%
TigersAustin Jackson (.300)
42.6%
IndiansFrancisco Lindor (.301)
42.5%
White SoxAvisail Garcia (.330)
42%
MarlinsChristian Yelich (.300)
41.4%
AthleticsMark McGwire (.312)
41.3%
YankeesJorge Posada (.338)
40.4%
YankeesDJ LeMahieu (.327)
40.4%
RedsBarry Larkin (.309)
39.6%
MetsRickey Henderson (.315)
39.6%
AthleticsRickey Henderson (.300)
39.6%
RangersIan Kinsler (.319)
39.1%
TigersMagglio Ordonez (.318)
38.9%
AstrosHunter Pence (.322)
38.6%
Red SoxJacoby Ellsbury (.321)
38.3%
PiratesStarling Marte (.311)
37.9%
AstrosMichael Brantley (.311)
37.8%
Red SoxRafael Devers (.311)
37.7%
MarlinsMarcell Ozuna (.312)
37.4%
CubsBen Zobrist (.305)
37.4%
GiantsMoises Alou (.321)
37.4%
PiratesJason Bay (.306)
36.6%
Blue JaysVernon Wells (.303)
36.5%
GiantsPablo Sandoval (.330)
36.5%
OriolesJavy Lopez (.316)
36%
BravesBrian McCann (.301)
36%
PiratesBryan Reynolds (.314)
35.9%
PadresBrian Giles (.306)
35.9%
BravesEnder Inciarte (.304)
35.7%
MarinersBret Boone (.331)
34.9%
TigersCurtis Granderson (.302)
34.6%
PiratesJack Wilson (.308)
34.1%
DodgersAndre Ethier (.305)
34.1%
OriolesHanser Alberto (.305)
34%
OriolesMelvin Mora (.340)
33.9%
RangersElvis Andrus (.302)
33.9%
MetsJeff McNeil (.318)
33.8%
RangersMilton Bradley (.321)
33.8%
MarinersJohn Olerud (.300)
33.8%
TigersPlacido Polanco (.307)
33.2%
PiratesFreddy Sanchez (.304)
32.8%
IndiansMichael Brantley (.309)
32.8%
Red SoxXander Bogaerts (.320)
32.5%
PhilliesJohn Kruk (.316) Lenny Dykstra (.305)
32.4%
YankeesHideki Matsui (.305)
32.2%
OriolesBrian Roberts (.314)
31.3%
PadresBip Roberts (.320)
31.3%
Red SoxJ.D. Martinez (.304)
31.3%
DiamondbacksA.J. Pollock (.315)
31.1%
GiantsEllis Burks (.344)
30.9%
DiamondbacksAaron Hill (.302)
30.9%
CubsMark Grace (.309)
30.3%
IndiansJason Kipnis (.303)
30.3%
OriolesNick Markakis (.306)
30.2%
PadresKen Caminiti (.326)
30%
RaysFred McGriff (.310)
29.5%
CubsStarlin Castro (.307)
29.5%
RockiesDJ LeMahieu (.310)
29.3%
IndiansTravis Hafner (.308)
29%
DodgersNomar Garciaparra (.303)
28.9%
AngelsYunel Escobar (.304)
28.8%
NationalsYunel Escobar (.314)
28.7%
RedsScooter Gennett (.310)
28.7%
AngelsChone Figgins (.330)
28.6%
DodgersKenny Lofton (.301)
28.5%
MetsLuis Castillo (.302)
28.5%
MarlinsLuis Castillo (.301)
28.5%
BravesEdgar Renteria (.332)
26.8%
BravesJ.D. Drew (.305)
26.8%
RoyalsMike Sweeney (.300)
26.7%
Hint Answer % Correct
RoyalsBilly Butler (.313)
25.9%
PiratesCorey Dickerson (.300)
25.7%
DiamondbacksJean Segura (.319)
25.6%
AthleticsScott Brosius (.304)
25.3%
PiratesJosh Harrison (.315)
25.2%
MetsPaul Lo Duca (.318)
25.1%
DiamondbacksDavid Peralta (.312)
24.5%
MarinersRaul Ibanez (.304)
24.2%
BrewersChristian Yelich (.329)
24%
OriolesAubrey Huff (.304)
24%
MarlinsMartin Prado (.305)
24%
RaysAubrey Huff (.311)
24%
BravesMartin Prado (.301)
24%
MetsRobin Ventura (.301)
23.1%
BrewersBrady Clark (.306)
23.1%
RedsKevin Mitchell (.326) and Bret Boone (.320)
23%
DodgersRafael Furcal (.300)
23%
PiratesJason Kendall (.319)
22.9%
DiamondbacksEnder Inciarte (.303)
22.7%
AngelsKendrys Morales (.306)
21.9%
GiantsRich Aurilia (.324)
21.8%
RockiesMichael Cuddyer (.331*)
21.8%
CardinalsTommy Pham (.306)
21.5%
BrewersJonathan Lucroy (.301)
21.5%
RedsReggie Sanders (.306)
21.3%
MarinersJean Segura (.304)
21.2%
AstrosRichard Hidalgo (.309)
21.1%
BrewersGeoff Jenkins (.303)
20.9%
White SoxAlex Rios (.304)
20.7%
Blue JaysAlex Rios (.302)
20.7%
Blue JaysS. Stewart (.303)
20.2%
NationalsDenard Span (.302)
20.2%
TwinsDenard Span (.311)
20.2%
PadresPhil Nevin (.306)
20.1%
AngelsErick Aybar (.312)
20%
PadresRyan Klesko (.300)
19.8%
IndiansShin-Soo Choo (.300)
19.6%
White SoxAdam Eaton (.300)
19.4%
MetsEdgardo Alfonzo (.308)
19.4%
RockiesDexter Fowler (.300)
19.3%
NationalsWilson Ramos (.307)
19.1%
IndiansCoco Crisp (.300)
19%
RedsSean Casey (.312)
18.7%
White SoxTim Anderson (.335)
18.4%
MarlinsJ.T. Realmuto (.303)
17.6%
TwinsA.J. Pierzynski (.312)
17.1%
White SoxA.J. Pierzynski (.300)
17.1%
White SoxScott Podsednik (.304)
17.1%
BrewersScott Podsednik (.314)
17.1%
PhilliesAaron Rowand (.309)
17%
AthleticsMark Ellis (.316)
16.8%
PadresMark Loretta (.335)
16.7%
RedsHal Morris (.313)
16.6%
CardinalsAllen Craig (.315)
16.1%
MarinersJose Vidro (.314)
15.8%
CardinalsJon Jay (.305)
14.9%
Blue JaysLyle Overbay (.312)
14.7%
BrewersLyle Overbay (.301)
14.7%
OriolesJeff Conine (.311)
14.6%
PhilliesBen Revere (.306)
14%
TigersOmar Infante (.318)
13.9%
BravesOmar Infante (.321)
13.9%
PhilliesMike Lieberthal (.313)
13.8%
TwinsJason Kubel (.300)
13.7%
NationalsCristian Guzman (.316)
13.2%
TwinsCristian Guzman (.302)
13.2%
OriolesB.J. Surhoff (.308)
13.1%
GiantsMarquis Grissom (.300)
13%
RaysJoey Wendle (.300)
12.5%
RaysJason Bartlett (.320)
12.1%
CubsMark Grudzielanek (.314)
11.9%
RangersGary Matthews Jr. (.313)
11.5%
BrewersLorenzo Cain (.308)
11.3%
BrewersJeff Cirillo (.326)
11.3%
PhilliesMarlon Byrd (.303)
10.9%
CubsRyan Theriot (.307)
10.7%
NationalsMike Morse (.303)
10.6%
AthleticsGeronimo Berroa (.306)
10.5%
GiantsRandy Winn (.306)
10.5%
DiamondbacksKetel Marte (.329)
10.2%
CubsDoug Glanville (.300)
9.8%
PhilliesDoug Glanville (.325)
9.9%
AthleticsMark Kotsay (.314)
9.7%
AngelsJuan Rivera (.310)
9.5%
Red SoxDaniel Nava (.303)
9.3%
MetsRoger Cedeno (.313)
8.7%
TwinsDoug Mientkiewicz (.300)
8.6%
PadresWally Joyner (.327)
8.5%
BravesJohnny Estrada (.314)
8.2%
AthleticsErubiel Durazo (.321)
8.2%
RoyalsDavid DeJesus (.307)
8.1%
RaysCasey Kotchman (.306)
7.9%
TwinsMatt Lawton (.305) and Corey Koskie (.300)
7.9%
PhilliesGregg Jefferies (.306)
7.7%
DiamondbacksChad Tracy (.308)
7.6%
CardinalsSkip Schumaker (.303)
6.6%
MarlinsChris Coghlan (.321)
6.2%
RoyalsAlberto Callaspo (.300)
5.2%
RockiesJordan Pacheco (.309)
4.3%

You're not logged in!

Compare scores with friends on all Sporcle quizzes.
OR
Log In

Sporcle TV

Today on Sporcle TV


Watch our educational content, quiz creation guides, and fun videos on Sporcle TV.

Show Comments

Extras

Top Quizzes Today


Score Distribution

Paid Content

Your Account Isn't Verified!

In order to create a playlist on Sporcle, you need to verify the email address you used during registration. Go to your Sporcle Settings to finish the process.

Report this User

Report this user for behavior that violates our Community Guidelines.

Details: